İngilizceden Türkçeye Geçen Kelimeler - Statistics

General Stats
  • This quiz has been taken 29 times
  • The average score is 7 of 10
Answer Stats
Türkçede anlamı Kelime % Correct
Avustralya’ya özgü, güçlü sıçrayışlar yapabilen keseli memeli hayvan. Kanguru
89%
Genellikle şehir içinde bulunan, yeşil alanlarla düzenlenmiş halka açık alan. Park
89%
İki takımın, ağ ile ayrılmış sahada, topu rakip takımın alanına düşürmeye çalıştığı takım sporu. Voleybol
85%
Dünya genelindeki bilgisayar ve ağların birbirine bağlanmasını sağlayan küresel iletişim ağı. İnternet
78%
Alkollü veya alkolsüz içeceklerin bir araya getirilmesiyle hazırlanan karışım. Kokteyl
78%
Turuncu ve pomelo karışımı ekşi-tatlı bir narenciye meyvesi. Greyfurt
59%
Doğum günü ve kutlama gibi özel günlerde sıkça servis edilir. Kek
56%
Genellikle askeri amaçlı kullanılan, gizli yerleştirilen patlayıcı cihaz. Mayın
56%
Fiziksel sağlığı, güç ve dayanıklılığı artırmaya yönelik egzersiz ve spor aktiviteleri. Fitness
48%
Elektrik enerjisini depolayan ve gerektiğinde devreye veren enerji kaynağı. Batarya
37%
No matching quizzes found
Score Distribution
Percent of People with Each Score
Percentile by Number Answered
Your Score History
You have not taken this quiz